000 00485 a2200157 4500
005 20250603062240.0
020 _a0-471-14063-5
082 _aLECT 657.45 ORE
100 _aO'REILLY, V. M.
245 _aMontgomery's auditing
250 _a12th Ed.
260 _aCanada,
_bJohn Wiley & Sons, Inc.,
_c1998.
300 _axlii, 1200p.: ill.; figure, table.
_bIndex,
_c25cm.
700 _aMcDONNELL, P. J. & WINOGRAD, B. N. & GERSON, J. S. & JAENICKE, H. R.
942 _2ddc
_cBKS
999 _c3063
_d3063